[Event "Karelia-ch"]
[Site "Petrozavodsk"]
[Date "2011.02.23"]
[Round "3"]
[White "Popelyshev, Igor Viktorovich"]
[Black "Zhukov, Daniil A"]
[Result "1-0"]
[WhiteElo "2109"]
[BlackElo "1983"]
[PlyCount "113"]
[EventDate "2011.02.22"]
[EventType "swiss"]
[EventRounds "9"]
[EventCountry "RUS"]
[SourceTitle "CBM 141 Extra"]
[Source "ChessBase"]
[SourceDate "2011.05.03"]
[SourceVersion "1"]
[SourceVersionDate "2011.05.03"]
[SourceQuality "1"]

1. e4 e5 2. Nf3 Nc6 3. Bb5 f5 4. d3 fxe4 5. dxe4 Nf6 6. Nc3 Bb4 7. 0-0 d6 8. Bc4 Na5 9. Nd5 Nxc4 10. Nxb4 0-0 11. Nd5 Nb6 12. Nxf6+ Qxf6 13. Ne1 Be6 14. b3 d5 15. exd5 Nxd5 16. c4 Nf4 17. Bxf4 exf4 18. Nf3 Rad8 19. Qe2 Bg4 20. Rad1 Qg6 21. Rxd8 Rxd8 22. Kh1 Rd6 23. c5 Re6 24. Qc4 Qe4 25. Nd4 Be2 26. Qxe6+ Qxe6 27. Nxe6 Bxf1 28. Nxf4 Kf7 29. Kg1 Bb5 30. Nd5 c6 31. Nc3 Ke6 32. f4 Bd3 33. Kf2 b5 34. b4 Kf5 35. Ke3 Bc4 36. a3 h6 37. Ne4 Bd5 38. Nd6+ Kg4 39. g3 Kh3 40. Nf5 Kxh2 41. Nxg7 Kxg3 42. Nf5+ Kg4 43. Nxh6+ Kh5 44. Nf5 Kg4 45. Ne7 Bh1 46. Nc8 a6 47. Nd6 Bd5 48. Ne8 Kf5 49. Nc7 Bh1 50. Nxa6 Ke6 51. Nb8 Ke7 52. Kd4 Kd8 53. f5 Kc7 54. Ke5 Kxb8 55. Kd6 Kc8 56. f6 Bd5 57. Ke7 1-0

[Event "Moscow op-E"]
[Site "Moscow"]
[Date "2011.02.04"]
[Round "7.206"]
[White "Zhukov, Daniil A"]
[Black "Rukavishnikov, Vladimir"]
[Result "1-0"]
[WhiteElo "1983"]
[BlackElo "1991"]
[PlyCount "83"]
[EventDate "2011.01.29"]
[EventType "swiss"]
[EventRounds "9"]
[EventCountry "RUS"]
[SourceTitle "EXT 2022"]
[Source "ChessBase"]
[SourceDate "2021.10.06"]
[SourceVersion "1"]
[SourceVersionDate "2021.10.06"]
[SourceQuality "1"]

1. e4 d5 2. exd5 Qxd5 3. Nc3 Qd6 4. d4 Nf6 5. Bc4 a6 6. Nge2 Bg4 7. f3 Bf5 8. Bf4 Qb6 9. Bb3 e6 10. Qd2 Nc6 11. Na4 Qa7 12. Be3 Nd5 13. g4 Bg6 14. h4 h6 15. Bxd5 exd5 16. Nf4 0-0-0 17. a3 Bd6 18. 0-0-0 b5 19. Nc3 Bxf4 20. Bxf4 Qb6 21. Na2 Na5 22. b3 Kb7 23. Rhe1 Rd7 24. Nb4 Nc6 25. Nxc6 Qxc6 26. Kb2 f6 27. Ra1 Re8 28. Rxe8 Bxe8 29. a4 Qb6 30. axb5 axb5 31. Qb4 Rd8 32. Qe7 Qxd4+ 33. Kb1 Rc8 34. Be3 Qc3 35. Qa3 Kc6 36. Qa6+ Kd7 37. Qxb5+ Qc6 38. Qd3 Qd6 39. Ra6 c6 40. Ra7+ Rc7 41. Qf5+ Kd8 42. Bb6 1-0

[Event "Moscow op-E"]
[Site "Moscow"]
[Date "2011.02.02"]
[Round "5.143"]
[White "Zhukov, Daniil A"]
[Black "Gumirov, Konstantin L"]
[Result "1/2-1/2"]
[WhiteElo "1983"]
[BlackElo "2152"]
[PlyCount "139"]
[EventDate "2011.01.29"]
[EventType "swiss"]
[EventRounds "9"]
[EventCountry "RUS"]
[SourceTitle "EXT 2022"]
[Source "ChessBase"]
[SourceDate "2021.10.06"]
[SourceVersion "1"]
[SourceVersionDate "2021.10.06"]
[SourceQuality "1"]

1. e4 e5 2. Nf3 Nc6 3. Bb5 Bc5 4. c3 Qf6 5. d4 exd4 6. e5 Qg6 7. cxd4 Nxd4 8. Nxd4 Qb6 9. Be3 Bxd4 10. Qxd4 Qxb5 11. Nc3 Qb6 12. Qxb6 axb6 13. Nd5 Ra5 14. Nxc7+ Kd8 15. Bxb6 Rxe5+ 16. Kd2 Ke7 17. Bd4 Rg5 18. Rhe1+ Kd6 19. Ne8+ Kd5 20. Bxg7 Rxg7 21. Nxg7 Nf6 22. Nf5 d6 23. Ne7+ Kd4 24. Nxc8 Rxc8 25. f3 Rg8 26. g3 Nd7 27. Re4+ Kd5 28. Ke3 Ne5 29. Rd1+ Kc6 30. Red4 Rg6 31. Rb4 b6 32. b3 Rf6 33. Rf4 Re6 34. Kf2 d5 35. Rfd4 Rd6 36. h3 Nd7 37. Rc1+ Kb7 38. Rcd1 Kc6 39. a4 Nc5 40. Rb1 Kb7 41. b4 Ne6 42. Rd3 d4 43. f4 f5 44. Kf3 Kc6 45. Rc1+ Kd5 46. g4 Nd8 47. Rb3 Rh6 48. Kg3 Ke4 49. Re1+ Kd5 50. Rc1 Ke4 51. gxf5 Kxf5 52. Re1 Rd6 53. Kf3 Nc6 54. b5 Nd8 55. a5 bxa5 56. b6 Nb7 57. Re5+ Kf6 58. Ke4 a4 59. Rb1 a3 60. Rd5 a2 61. Ra1 Rxb6 62. Rxa2 Nd6+ 63. Kxd4 Rc6 64. Ra7 h6 65. Rd7 Nf5+ 66. Kd3 Re6 67. Kc3 Re4 68. Rd4 Nxd4 69. Rxd4 Re3+ 70. Rd3 1/2-1/2

[Event "Chigorin Memorial 18th"]
[Site "St Petersburg"]
[Date "2010.10.29"]
[Round "2"]
[White "Stukopin, Andrey"]
[Black "Zhukov, Daniil A"]
[Result "1-0"]
[WhiteElo "2458"]
[BlackElo "1945"]
[PlyCount "65"]
[EventDate "2010.10.28"]
[EventType "swiss"]
[EventRounds "9"]
[EventCountry "RUS"]
[SourceTitle "EXT 2011"]
[Source "ChessBase"]
[SourceDate "2010.11.26"]
[SourceVersion "1"]
[SourceVersionDate "2010.11.26"]
[SourceQuality "1"]

1. e4 c6 2. d4 d5 3. e5 c5 4. dxc5 e6 5. Be3 Nd7 6. c4 Bxc5 7. Bxc5 Nxc5 8. Nc3 Ne7 9. Qd4 Qa5 10. b4 Qxb4 11. Rb1 Nc6 12. Qd2 Ne4 13. Rxb4 Nxd2 14. Ra4 Nxc4 15. Bxc4 dxc4 16. Nf3 a6 17. Ke2 b5 18. Nxb5 axb5 19. Rxa8 0-0 20. a3 Bb7 21. Rxf8+ Kxf8 22. Rb1 Ba6 23. Ke3 Ne7 24. Kd4 Nd5 25. Kc5 c3 26. g3 b4 27. axb4 Bd3 28. Rc1 Be4 29. Nd4 f6 30. exf6 e5 31. Ne6+ Kg8 32. f7+ Kxf7 33. Ng5+ 1-0

[Event "Moscow op-B"]
[Site "Moscow"]
[Date "2010.02.07"]
[Round "9.147"]
[White "Zhukov, Daniil A"]
[Black "Koltunovsky, Evgeny"]
[Result "1/2-1/2"]
[WhiteElo "1942"]
[BlackElo "1782"]
[PlyCount "87"]
[EventDate "2010.01.30"]
[EventType "swiss"]
[EventRounds "9"]
[EventCountry "RUS"]
[SourceTitle "EXT 2023"]
[Source "ChessBase"]
[SourceDate "2022.10.05"]
[SourceVersion "1"]
[SourceVersionDate "2022.10.05"]
[SourceQuality "1"]

1. e4 c5 2. Nf3 d6 3. d4 cxd4 4. Nxd4 Nf6 5. Nc3 Nc6 6. f3 e5 7. Ndb5 a6 8. Na3 Be6 9. Be3 d5 10. exd5 Nxd5 11. Nxd5 Bxa3 12. Bb6 Qxd5 13. Qxd5 Bxd5 14. bxa3 0-0 15. Bd3 Nd4 16. 0-0 Rac8 17. Rfd1 f5 18. f4 Rf6 19. Rab1 Rg6 20. Bxd4 Rxg2+ 21. Kf1 exd4 22. Bxf5 Rc4 23. Be6+ Bxe6 24. Kxg2 Bf5 25. Re1 Rxc2+ 26. Kg3 Rc3+ 27. Kf2 Bxb1 28. Rxb1 b5 29. Rb3 Kf7 30. Ke2 Ke6 31. Rxc3 dxc3 32. Kd3 Kf5 33. Kxc3 Kxf4 34. Kb4 Kf3 35. Ka5 Kg2 36. Kxa6 Kxh2 37. Kxb5 g5 38. a4 g4 39. a5 g3 40. a6 g2 41. a7 g1Q 42. a8Q Qb1+ 43. Kc5 Qc2+ 44. Kd6 1/2-1/2